1590 1638 1177 1232 1303 1243 1726 1686 1477 1510 1450 1820 1231 1670 1613 1759 1532 1290 1692 1716 1868 1606 1026 1517 1986 1314 1912 1693 1856 1065 1387 1671 1220 1629 1484 1907 1303 1945 1804 1834 1488 1225 1280 1543 1279 1604 1432 1586 1235 1564 1559 1071 1983 1192 1478 1575 1172 1366 1718 1589 1517 1664 1466 1602 1465 1422 1636 1886 1510 1405 1103 1955 1781 1729 1229 1496 1510 1696 1410 1678 1463 1898 1594 1718 1862 1092 1103 1239 1367 1383 1286 1343 1038 1772 1337 1322 1550 1899 1003 BCNSPRNW ULIB Ver.6.0+V

เปลี่ยนเป็นภาษาไทย

Change to English
 แสดงรายละเอียดบรรณานุกรม
  กลับหน้าหลัก

Brief Record : Get Marc (ISO 2709) : E-mail record : QR code < ปิดหน้าต่าง
LEADER : 00000nam 2200000uu 4500
001    13399122339
003     ULIB
008    020711s2550 th a 000 0 tha d
020    9789744348326
090    นว.^bจ547ค
100    จิลเลียน ฟลินน์,^eเขียน
110    ฟิสิกส์เซ็นเตอร์
245    คมมรณะ/^cจิลเลียน ฟลินน์
260    กรุงเทพฯ :^bฟิสิกส์เซ็นเตอร์,^c2550
300    344 หน้า
700    อาสยา ฐกัดกุล,^eแปล
945    ^p230^l0^i021598
999    ^aทศพร
รายการนี้ยังไม่มีแท็ก
คุณยังไม่ได้ล็อกอิน คุณสามารถมีกิจกรรมร่วมกับเว็บไซต์ได้ แต่ต้องล็อกอินก่อน ::
  ล็อกอิน

รายการสื่อสารสนเทศ

ลำดับที่ ประเภท เลขเรียก/บาร์โค้ด สถานที่ สถานะ
1. นวนิยาย
นวนิยาย
นว. จ547ค ฉ.1 
  Barcode: 021598
ห้องสมุดวิทยาเขตสวรรค์ประชารักษ์
►นวนิยาย
บนชั้น
  ขอยืม

BibComment


ยังไม่เคยถูกคอมเมนท์

คอมเมนท์ทรัพยากรรายการนี้
  คอมเมนท์: คมมรณะ จิลเลียน ฟ..


 Copyright 2026. Bcnsprnw @Library